Города по Фото — Р - Statistics

General Stats
  • This quiz has been taken 44 times
  • The average score is 6 of 12
Answer Stats
Picture Answer % Correct
Рио-де-Жанейро
100%
Рим
96%
Ростов Великий
79%
Рига
68%
Рязань
64%
Рейкьявик
54%
Роттердам
54%
Ростов-на-Дону
50%
Реймс
21%
Руан
11%
Рас-эль-Хайма
4%
Роскилле
0%
No matching quizzes found
Score Distribution
Percent of People with Each Score
Percentile by Number Answered
Your Score History
You have not taken this quiz